1775 1006 1735 1742 1496 1937 1905 1425 1308 1909 1224 1995 1142 1601 1856 1153 1456 1235 1949 1457 1792 1278 1819 1977 1301 1026 1413 1044 1841 1726 1791 1328 1039 1438 1540 1433 1289 1027 1415 1236 1889 1243 1283 1859 1934 1822 1463 1972 1713 1491 1306 1584 1636 1705 1616 1767 1203 1807 1298 1611 1248 1956 1582 1214 1337 1546 1629 1239 1742 1315 1885 1862 1091 1574 1333 1621 1617 1293 1504 1493 1212 1486 1169 1105 1669 1268 1502 1640 1798 1984 1398 1712 1181 1213 1513 1528 1745 1567 1738 BCNSPRNW ULIB Ver.6.0+V

เปลี่ยนเป็นภาษาไทย

Change to English
 แสดงรายละเอียดบรรณานุกรม
  กลับหน้าหลัก

Brief Record : Get Marc (ISO 2709) : E-mail record : QR code < ปิดหน้าต่าง
LEADER : 00000nam 2200000uu 4500
001    13399124667
003     ULIB
008    151119s||||||||th 000 0 tha d
020    ^a9786162830983 :^cบริจาค
050    ^rอ^aDS570.6.P4^bก528จ เล่ม 2
110  2  ^aกรมศิลปากร
245  1  ^aจดหมายเหตุงานพระศพ สมเด็จพระเจ้าภคินีเธอ เจ้าฟ้าเพชรรัตนราชสุดา สิริโสภาพัณณวดี เล่ม 2 /^cกรมศิลปากร
260    ^aกรุงเทพฯ :^bกรมศิลปากร,^c2557
300    ^a572-958 หน้า :^bภาพประกอบ ;^c30 ซม.+1 CD-ROM
504    ^aบรรณานุกรม
504    ^aภาคผนวก
600  0  ^aเพชรรัตนราชสุดา สิริโสภาพัณณวดี, สมเด็จพระเจ้าภคินีเธอ เจ้าฟ้า^x2468-2554
650  4 ^aจดหมายเหตุ
945    ^p0^l0^i000210
999    ^aเกษร โพธิ์สุวรรณ
รายการนี้ยังไม่มีแท็ก
คุณยังไม่ได้ล็อกอิน คุณสามารถมีกิจกรรมร่วมกับเว็บไซต์ได้ แต่ต้องล็อกอินก่อน ::
  ล็อกอิน

รายการสื่อสารสนเทศ

ลำดับที่ ประเภท เลขเรียก/บาร์โค้ด สถานที่ สถานะ
1. การศึกษาทั่วไป
การศึกษาทั่วไป
อ DS570.6.P4 ก528จ เล่ม 2 ฉ.1 
  Barcode: 000210
ห้องสมุดวิทยาเขตสวรรค์ประชารักษ์
►หนังสือทั่วไป
บนชั้น

รายการใกล้เคียง
    หัวเรื่อง [จดหมายเหตุ]

BibComment


ยังไม่เคยถูกคอมเมนท์

คอมเมนท์ทรัพยากรรายการนี้
  คอมเมนท์: จดหมายเหตุงานพร..


 Copyright 2026. Bcnsprnw @Library